000 00581nam a22002057a 4500
003 OSt
005 20220107122808.0
008 160304b xxu||||| |||| 00| 0 eng d
020 _a9789382332442
040 _cIIITMK
082 _a381.142 GRO/A
100 _aGrover, Daminni
_98383
245 _aAdvanced internet technology and E-commerce
_cDaminni Grover
260 _aNew Delhi,
_bI. K. International Publishing House,
_c2013.
300 _axv, 384p.
650 _aECONOMICS
_98384
650 _aINTERNET TECHNOLOGY
_98389
650 _aE COMMERCE
_98385
942 _2ddc
_cBK
999 _c4954
_d4954